000 01188nam a2200277 i 4500
005 20250630154943.0
008 250630s2019 ii a gr 000 0 tam d
020 _cRM39.20
_qpaperback
040 _aPPAK
_beng
_cPPAK
_erda
082 0 4 _223
_a745.572
090 0 0 _a745.572
_bRAV
_dG
100 1 _6880-01
_aRavi, Ātmā kē.,
_eauthor.
245 1 0 _6880-02
_aPiḷāsṭik pāṭṭilkaḷai 130 vaḻikaḷil payaṉpaṭuttalām =
_bPlastic bottles can be used in 130 ways /
_cAtma K. Ravi
264 1 _aChennai :
_bChennai Publications,
_c2019
300 _a144 pages ;
_billustrations ;
_c22 cm
336 _atext
_2rdacontent
337 _aunmediated
_2rdamedia
338 _avolume
_2rdacarrier
546 _aText in Tamil.
650 1 0 _aPlastic bottles
_vJuvenile literature
650 2 0 _aPlastics craft
_vJuvenile literature
650 2 0 _aHandicraft
_vJuvenile literature
880 1 _6100-01/
_aரவி, ஆத்மா கே.,
880 1 0 _6245-02/
_aபிளாஸ்டிக் பாட்டில்களை 130 வழிகளில் பயன்படுத்தலாம் / ஆத்மா கே. ரவி
942 _2ddc
_cB
999 _c199891
_d199891